Juan Pablo II en España (Record no. 85729)

MARC details
000 -LEADER
campo de control de longitud fija 00654nam a2200181 i 4500
001 - NÚMERO DE CONTROL
campo de control 85729
003 - IDENTIFICADOR DE NÚMERO DE CONTROL
campo de control ES-MaACL
005 - FECHA Y HORA DE LA ÚLTIMA TRANSACCIÓN
campo de control 20230906175309.0
007 - CAMPO FIJO DE DESCRIPCIÓN FÍSICA--INFORMACIÓN GENERAL
campo de control de longitud fija t|
008 - DATOS DE LONGITUD FIJA--INFORMACIÓN GENERAL
campo de control de longitud fija 041201s1982 sp ||||1| spa d
100 0# - ENTRADA PRINCIPAL--NOMBRE DE PERSONA
Nombre de persona Juan Pablo
Numeración II
Títulos y otros términos asociados al nombre Papa, Santo.
9 (RLIN) 162513
245 10 - MENCIÓN DEL TÍTULO
Título Juan Pablo II en España
Resto del título : discursos y homilías /
Mención de responsabilidad, etc. presentacion e introducciones de Jose Luis Gonzalez-Balado ; [reportaje fotografico de Miguel Rojo].
260 ## - PUBLICACIÓN, DISTRIBUCIÓN, ETC.
Lugar de publicación, distribución, etc. [Madrid] :
Nombre del editor, distribuidor, etc. Ediciones Paulinas,
Fecha de publicación, distribución, etc. [1982]
300 ## - DESCRIPCIÓN FÍSICA
Extensión 323 p., 12 lám. ;
Dimensiones 21 cm.
700 1# - ENTRADA AGREGADA--NOMBRE PERSONAL
Nombre de persona González-Balado, José Luis.
9 (RLIN) 58441
700 1# - ENTRADA AGREGADA--NOMBRE PERSONAL
Nombre de persona Rojo, Miguel.
9 (RLIN) 99100
852 ## - LOCALIZACIÓN
Ubicación ES-MaACL
Número de control de estantería L-3690
Sublocalización o colección R.104515
Holdings
Estatus retirado Estado de pérdida Estado de daño No para préstamo Biblioteca de origen Biblioteca actual Ubicación en estantería Fecha de adquisición Fuente de adquisición Total de préstamos Signatura topográfica completa Código de barras Visto por última vez Precio de reemplazo Tipo de ítem Koha
        Biblioteca del Ateneo de Madrid Biblioteca del Ateneo de Madrid Depósito 2 17/01/2008     L-3690 1089579 23/02/2023 23/02/2023 Libro impreso